[Event "Mittelfrankenliga 05/06 (B2a)"]
[Site "Mfr.2005/06-R3"]
[Date "2005.12.04"]
[Round "3.4"]
[White "Staehle, Philipp"]
[Black "Leibing, Kai-Ingo"]
[Result "0-1"]
[WhiteElo "1814"]
[BlackElo "1850"]
[Annotator "SG/TB Erlangen2-Nbg.1911/2"]
[PlyCount "64"]
[EventDate "2005.12.04"]
[SourceDate "2005.10.17"]

1. e4 d6 2. Nf3 Bg4 3. h3 Bh5 4. d4 Nf6 5. Nc3 c6 6. Be2 e6 7. O-O Be7 8. Be3
Nbd7 9. Nd2 Bxe2 10. Qxe2 O-O 11. f4 e5 12. Nf3 Nh5 13. Qd2 exf4 14. Bxf4 Nxf4
15. Qxf4 Nf6 16. Rad1 Qb6 17. b3 Rad8 18. Kh1 Qa5 19. Rd3 Nh5 20. Qg4 g6 21.
Nd2 Qg5 22. Qf3 f5 23. Ne2 Kh8 24. Kg1 Qh4 25. e5 dxe5 26. dxe5 Bb4 27. Rd1 Qe7
28. Nc4 Rxd3 29. Qxd3 b5 30. Nb2 Qxe5 31. c3 Ba5 32. Qd4 Bb6 0-1

[Event "Mittelfrankenliga 05/06 (B2a)"]
[Site "Mfr.2005/06-R3"]
[Date "2005.12.04"]
[Round "3.5"]
[White "Zimmer, Frank,Dr."]
[Black "Hetzner, Andreas"]
[Result "1-0"]
[WhiteElo "1807"]
[BlackElo "1777"]
[Annotator "SG/TB Erlangen2-Nbg.1911/2"]
[PlyCount "63"]
[EventDate "2005.12.04"]
[SourceDate "2005.10.17"]

1. e4 e6 2. d4 c5 3. Nf3 cxd4 4. c3 d5 5. exd5 Qxd5 6. Qxd4 Nf6 7. Qxd5 Nxd5 8.
c4 Nb4 9. Na3 Be7 10. Nb5 O-O 11. Nc7 Nc2+ 12. Kd1 Nxa1 13. Bf4 f6 14. Nxa8 e5
15. Be3 Bf5 16. Nc7 Nc2 17. Bxa7 Nc6 18. Nh4 Rd8+ 19. Kc1 N2d4 20. Bxd4 Nxd4
21. Nxf5 Nxf5 22. Nd5 Bc5 23. f3 Ne3 24. g3 Nxd5 25. cxd5 Be3+ 26. Kc2 Rc8+ 27.
Kb3 Rc5 28. d6 Kf8 29. Bc4 Ke8 30. Rd1 Bd4 31. Kb4 Kd7 32. Rxd4 1-0

[Event "Mittelfrankenliga 05/06 (B2a)"]
[Site "Mfr.2005/06-R3"]
[Date "2005.12.04"]
[Round "3.6"]
[White "Orban, Martin"]
[Black "Huger, Horst"]
[Result "0-1"]
[WhiteElo "1805"]
[BlackElo "1825"]
[Annotator "SG/TB Erlangen2-Nbg.1911/2"]
[PlyCount "46"]
[EventDate "2005.12.04"]
[SourceDate "2005.10.17"]

1. e4 c6 2. d4 d5 3. Nc3 dxe4 4. Nxe4 Nd7 5. Nf3 Ngf6 6. Nxf6+ Nxf6 7. Ne5 Be6
8. c3 g6 9. Be2 Bg7 10. h4 Nd7 11. f4 h5 12. g4 hxg4 13. Bxg4 Bxg4 14. Qxg4 Nf6
15. Qg1 Qd5 16. Be3 Rh5 17. c4 Qe4 18. O-O-O Bh6 19. Qg3 Rf5 20. Nd3 Nh5 21.
Qf2 Nxf4 22. Nc5 Nd3+ 23. Rxd3 Qxh1+ 0-1

[Event "Mittelfrankenliga 05/06 (B2a)"]
[Site "Mfr.2005/06-R3"]
[Date "2005.12.04"]
[Round "3.7"]
[White "Wissmeier, Thomas"]
[Black "Feist, Rainer"]
[Result "0-1"]
[WhiteElo "1762"]
[BlackElo "1700"]
[Annotator "SG/TB Erlangen2-Nbg.1911/2"]
[PlyCount "34"]
[EventDate "2005.12.04"]
[SourceDate "2005.10.17"]

1. e4 e5 2. f4 d5 3. exd5 e4 4. Qh5 Nf6 5. Qe5+ Be7 6. Nc3 Nbd7 7. Qg5 O-O 8.
d3 h6 9. Qf5 Nc5 10. Qe5 exd3 11. cxd3 Ng4 12. Qd4 Re8 13. Nge2 b6 14. g3 Bf6
15. Qc4 Ba6 16. Nb5 Bxb5 17. Qxb5 Qxd5 0-1

[Event "Mittelfrankenliga 05/06 (B2a)"]
[Site "Mfr.2005/06-R3"]
[Date "2005.12.04"]
[Round "3.8"]
[White "Rohde, Bjoern"]
[Black "Ammon, Ronald"]
[Result "0-1"]
[WhiteElo "1705"]
[BlackElo "1780"]
[Annotator "SG/TB Erlangen2-Nbg.1911/2"]
[PlyCount "62"]
[EventDate "2005.12.04"]
[SourceDate "2005.10.17"]

1. e4 Nc6 2. d4 d5 3. e5 Bf5 4. Nf3 e6 5. Be2 Nge7 6. Nc3 h6 7. Na4 b6 8. b4
Qd7 9. Nb2 Be4 10. Be3 Nf5 11. a3 Bxf3 12. gxf3 g5 13. Ba6 Bg7 14. b5 Nce7 15.
Nd3 O-O 16. f4 f6 17. exf6 Bxf6 18. Ne5 Bxe5 19. fxe5 Nh4 20. Qg4 Rf5 21. Qd1
Nf3+ 22. Kf1 Raf8 23. h3 Qe8 24. Qd3 Qh5 25. Qe2 Qh4 26. Rd1 g4 27. Kg2 Ng5 28.
Bc1 gxh3+ 29. Kg1 Nf3+ 30. Kf1 h2 31. Bb2 Qh3# 0-1

[Event "Mittelfrankenliga 05/06 (B2a)"]
[Site "Mfr.2005/06-R3"]
[Date "2005.12.04"]
[Round "3.1"]
[White "Kalender, Benjamin"]
[Black "Schatz, Christian"]
[Result "1/2-1/2"]
[WhiteElo "2049"]
[BlackElo "2108"]
[Annotator "SZ Fürth1-Forchheim3"]
[PlyCount "28"]
[EventDate "2005.12.04"]
[SourceDate "2005.10.17"]

1. d4 Nf6 2. c4 e6 3. Nf3 b6 4. g3 Bb7 5. Bg2 Be7 6. Nc3 Ne4 7. Qc2 Nxc3 8.
Qxc3 O-O 9. O-O Bf6 10. Qd3 d5 11. Bf4 Nd7 12. cxd5 exd5 13. Rac1 c5 14. dxc5
Nxc5 1/2-1/2

[Event "Mittelfrankenliga 05/06 (B2a)"]
[Site "Mfr.2005/06-R3"]
[Date "2005.12.04"]
[Round "3.2"]
[White "Aronow, Maxim"]
[Black "Haubold, Martin"]
[Result "1-0"]
[WhiteElo "2291"]
[BlackElo "2008"]
[Annotator "SZ Fürth1-Forchheim3"]
[PlyCount "55"]
[EventDate "2005.12.04"]
[SourceDate "2005.10.17"]

1. e4 c6 2. d4 d5 3. Nc3 dxe4 4. Nxe4 Bf5 5. Ng3 Bg6 6. Nf3 Nd7 7. Bc4 Ngf6 8.
O-O e6 9. Qe2 Be7 10. Re1 Nd5 11. Bb3 O-O 12. c4 N5f6 13. Bd2 Re8 14. Rad1 Qc7
15. Nh4 Rad8 16. Nxg6 hxg6 17. c5 Nd5 18. Qf3 Bf6 19. Ne4 e5 20. Nd6 Re6 21.
Bxd5 cxd5 22. Qxd5 exd4 23. Rxe6 fxe6 24. Qxe6+ Kh7 25. b4 a5 26. Bf4 Qc6 27.
Rd3 g5 28. Rh3+ 1-0

[Event "Mittelfrankenliga 05/06 (B2a)"]
[Site "Mfr.2005/06-R3"]
[Date "2005.12.04"]
[Round "3.4"]
[White "Hepting, Heinrich"]
[Black "Radeck, Jochen,Dr."]
[Result "1-0"]
[WhiteElo "2155"]
[BlackElo "1891"]
[Annotator "SZ Fürth1-Forchheim3"]
[PlyCount "83"]
[EventDate "2005.12.04"]
[SourceDate "2005.10.17"]

1. Nf3 Nf6 2. g3 g6 3. b4 b6 4. Bg2 Bb7 5. O-O Bg7 6. Bb2 O-O 7. c4 c5 8. b5 e6
9. d3 d5 10. Nbd2 d4 11. a4 Nbd7 12. Re1 Qc7 13. Qc2 Rfe8 14. a5 bxa5 15. Nb3
a6 16. Nxa5 axb5 17. Nxb7 Rxa1 18. Rxa1 Qxb7 19. Nxd4 Qb6 20. Nxb5 e5 21. Bc3
Ng4 22. Ra7 Nf8 23. Bd5 Ne6 24. Ba5 Qb8 25. Ra8 Qxa8 26. Bxa8 Rxa8 27. Bc3 h5
28. h3 Nh6 29. Qb2 f6 30. Nd6 Rd8 31. Qb6 Bf8 32. Nb7 Re8 33. Qc6 Re7 34. Nxc5
Nxc5 35. Qxc5 Nf5 36. Qb6 Bg7 37. c5 Re8 38. Qb3+ Kh7 39. c6 Nd6 40. Qd5 Nc8
41. Qd7 Rh8 42. Ba5 1-0

[Event "Mittelfrankenliga 05/06 (B2a)"]
[Site "Mfr.2005/06-R3"]
[Date "2005.12.04"]
[Round "3.5"]
[White "Gueldner, Udo"]
[Black "Stolpynskyy, Mark"]
[Result "1/2-1/2"]
[WhiteElo "1773"]
[BlackElo "2114"]
[Annotator "SZ Fürth1-Forchheim3"]
[PlyCount "127"]
[EventDate "2005.12.04"]
[SourceDate "2005.10.17"]

1. d4 d5 2. Nf3 c6 3. e3 Nf6 4. Bd3 Bg4 5. Nbd2 Nbd7 6. e4 dxe4 7. Nxe4 Nxe4 8.
Bxe4 Nf6 9. Qd3 Nxe4 10. Qxe4 Bxf3 11. gxf3 Qd5 12. Bf4 Rd8 13. Qxd5 cxd5 14.
c3 g6 15. O-O Bg7 16. Rfe1 e6 17. Be5 O-O 18. Bxg7 Kxg7 19. a4 Rb8 20. Re2 Rfc8
21. a5 Rc6 22. Ra3 Kf6 23. Kg2 Ke7 24. b4 Rbc8 25. Re3 Rc4 26. f4 Kd6 27. Kf3
f6 28. Ke2 R4c7 29. h4 Re8 30. Kd3 Rce7 31. Ra2 e5 32. fxe5+ fxe5 33. dxe5+
Rxe5 34. Rae2 Rxe3+ 35. Rxe3 Rf8 36. Ke2 Rf4 37. Rh3 Kc6 38. Ke3 Re4+ 39. Kd3
Kb5 40. f3 Rc4 41. h5 g5 42. Rg3 h6 43. Rg4 Rc7 44. Rd4 Rd7 45. f4 g4 46. Ke3
Re7+ 47. Kf2 Kc6 48. Rd3 Rg7 49. Kg3 a6 50. Re3 Kb5 51. Re6 Kc4 52. Rxh6 Kxc3
53. Rd6 d4 54. h6 Rf7 55. Kxg4 d3 56. Kg5 d2 57. f5 Kc2 58. Kg6 Rc7 59. f6 Rc3
60. Rxd2+ Kxd2 61. h7 Rg3+ 62. Kf7 Rh3 63. Kg7 Rg3+ 64. Kf8 1/2-1/2

[Event "Mittelfrankenliga 05/06 (B2a)"]
[Site "Mfr.2005/06-R3"]
[Date "2005.12.04"]
[Round "3.6"]
[White "Schatz, Werner[33]"]
[Black "Walter, Eugen[58]"]
[Result "1/2-1/2"]
[WhiteElo "2010"]
[BlackElo "1798"]
[Annotator "SZ Fürth1-Forchheim3"]
[PlyCount "66"]
[EventDate "2005.12.04"]
[SourceDate "2005.10.17"]

1. d4 f5 2. c4 d6 3. Nc3 g6 4. Nf3 Bg7 5. g3 c6 6. Bg2 Nh6 7. O-O O-O 8. Ng5 e5
9. dxe5 dxe5 10. e4 Qxd1 11. Rxd1 f4 12. h3 Bf6 13. Nf3 g5 14. g4 Be6 15. b3
Nf7 16. Ba3 Re8 17. Ne1 Nd7 18. Bf1 Rad8 19. f3 Nf8 20. Nd3 Bc8 21. Bxf8 Kxf8
22. Nf2 Rd4 23. Ne2 Rxd1 24. Rxd1 Rd8 25. Rxd8+ Nxd8 26. Nd3 Ne6 27. Nec1 Ke7
28. Be2 Kd6 29. Kf1 b6 30. Ke1 Nd4 31. Kd2 Be6 32. Bd1 h5 33. Kc3 hxg4 1/2-1/2

[Event "Mittelfrankenliga 05/06 (B2a)"]
[Site "Mfr.2005/06-R3"]
[Date "2005.12.04"]
[Round "3.7"]
[White "Schwab, Edgar"]
[Black "Pidtoptanyy, Igor"]
[Result "1/2-1/2"]
[WhiteElo "1866"]
[BlackElo "1871"]
[Annotator "SZ Fürth1-Forchheim3"]
[PlyCount "155"]
[EventDate "2005.12.04"]
[SourceDate "2005.10.17"]

1. d4 Nf6 2. Nf3 d5 3. g3 Bf5 4. Bg2 e6 5. O-O c6 6. Nbd2 Nbd7 7. c4 Bd6 8. b3
O-O 9. Nh4 Bg4 10. Qe1 Bb4 11. a3 Bc3 12. Ra2 Bxd4 13. e3 Bc5 14. b4 Be7 15. f3
Bh5 16. f4 dxc4 17. Nxc4 Nd5 18. Nf3 Bg6 19. e4 N5b6 20. Nce5 Nxe5 21. Nxe5 Qc7
22. Nxg6 hxg6 23. Re2 Bf6 24. e5 Be7 25. g4 Nd5 26. Rf3 a5 27. g5 axb4 28. Qh4
f5 29. gxf6 Nxf6 30. exf6 Rxf6 31. axb4 Ra1 32. Rf1 Bxb4 33. Be3 Rxf1+ 34. Bxf1
Bd6 35. Rf2 c5 36. Bc4 Kf7 37. Qg4 Qb6 38. Qd1 Qc6 39. Qd3 Ke7 40. Bd2 g5 41.
f5 Bf4 42. Bxe6 Rh6 43. Re2 Qd6 44. Bd5+ Kf8 45. Qe4 Qd8 46. Bxf4 gxf4 47. Bxb7
Qd4+ 48. Qxd4 cxd4 49. Re4 Rf6 50. Bc8 g6 51. fxg6 Rxg6+ 52. Kf2 Rd6 53. Rxf4+
Kg7 54. Ke2 Kg6 55. h3 Kg5 56. Re4 Rd8 57. Bg4 Kf6 58. Kd3 Kg6 59. h4 Rd6 60.
Re5 Kh6 61. Be6 Rd8 62. Bd5 Rf8 63. Re4 Rf1 64. Kxd4 Rf2 65. Bc6 Rf6 66. Be8
Ra6 67. Ke5 Ra8 68. Kf6 Ra2 69. Ke7 Rf2 70. Re6+ Kg7 71. Rg6+ Kh7 72. Rg5 Re2+
73. Kf8 Rf2+ 74. Bf7 Rb2 75. Be8 Rb6 76. Rf5 Rh6 77. Rf4 Rb6 78. Bf7 1/2-1/2

[Event "Mittelfrankenliga 05/06 (B2a)"]
[Site "Mfr.2005/06-R3"]
[Date "2005.12.04"]
[Round "3.8"]
[White "Birman, Roman"]
[Black "Neth, Tobias"]
[Result "0-1"]
[WhiteElo "1764"]
[BlackElo "1740"]
[Annotator "SZ Fürth1-Forchheim3"]
[PlyCount "56"]
[EventDate "2005.12.04"]
[SourceDate "2005.10.17"]

1. e4 e5 2. Bc4 Nc6 3. a3 Bc5 4. d3 Nge7 5. b4 Bb6 6. c3 a6 7. Qe2 O-O 8. Be3
d5 9. Bxb6 dxc4 10. Be3 cxd3 11. Qd2 f5 12. exf5 Nxf5 13. Qa2+ Kh8 14. Nd2 Nxe3
15. fxe3 Qg5 16. O-O-O Qxe3 17. Ngf3 Bg4 18. Rde1 Qf4 19. Re4 Qf5 20. Qc4 Rad8
21. Rxg4 b5 22. Qe4 Qe6 23. Ng5 Qg8 24. Qxc6 Qa2 25. Kd1 Qa1+ 26. Nb1 Qxb1+ 27.
Kd2 Qc2+ 28. Ke3 Qe2# 0-1

[Event "Mittelfrankenliga 05/06 (B1)"]
[Site "Mfr.2005/06-R4"]
[Date "2006.01.15"]
[Round "4.1"]
[White "Promyshlyanskiy, Vitaliy"]
[Black "Demburg, Dimitrij"]
[Result "1-0"]
[WhiteElo "2204"]
[BlackElo "1956"]
[Annotator "Nbg.1911/1-NT Nbg.3"]
[PlyCount "73"]
[EventDate "2006.01.15"]
[SourceDate "2005.10.17"]

1. e4 e6 2. d4 d5 3. Nd2 c5 4. exd5 Qxd5 5. Ngf3 cxd4 6. Bc4 Qd6 7. O-O Nf6 8.
Nb3 Nc6 9. Nbxd4 Nxd4 10. Nxd4 a6 11. Re1 Be7 12. c3 O-O 13. Qf3 Bd7 14. Bf4
Qc5 15. Bb3 Bc6 16. Nxc6 Qxc6 17. Qxc6 bxc6 18. Rad1 Nd5 19. Bg3 Rfd8 20. c4
Nb4 21. Bc7 Rdc8 22. Rd7 Bf6 23. Ba5 c5 24. Ba4 Nxa2 25. Red1 g6 26. Rb7 Rab8
27. Rdd7 Rxb7 28. Rxb7 Nb4 29. Bd7 Rc6 30. Bxb4 Rd6 31. Be1 Bxb2 32. Rxb2 Rxd7
33. Kf1 Rd1 34. Rc2 a5 35. Ke2 Ra1 36. Bc3 Ra4 37. Bf6 1-0

[Event "Mittelfrankenliga 05/06 (B1)"]
[Site "Mfr.2005/06-R4"]
[Date "2006.01.15"]
[Round "4.2"]
[White "Steger, Otmar"]
[Black "Vogiatzis, Dimitrios"]
[Result "1/2-1/2"]
[WhiteElo "1984"]
[BlackElo "1955"]
[Annotator "Nbg.1911/1-NT Nbg.3"]
[PlyCount "46"]
[EventDate "2006.01.15"]
[SourceDate "2005.10.17"]

1. d4 d5 2. Nf3 e6 3. c4 f5 4. Nc3 Nf6 5. g3 c6 6. Bg2 Bd6 7. O-O O-O 8. Qd3 b6
9. cxd5 exd5 10. Bf4 Ne4 11. Bxd6 Qxd6 12. Ne5 Bb7 13. Rac1 Nd7 14. f3 Nec5 15.
Qe3 Rae8 16. f4 Ne6 17. Qd2 Re7 18. a3 Nf6 19. b4 Rd8 20. e3 g6 21. Rc2 Kg7 22.
Rfc1 Rc7 23. Qd3 Rdc8 1/2-1/2

[Event "Mittelfrankenliga 05/06 (B1)"]
[Site "Mfr.2005/06-R4"]
[Date "2006.01.15"]
[Round "4.3"]
[White "Ederer, Rene"]
[Black "Augustin, Achim"]
[Result "1/2-1/2"]
[WhiteElo "1936"]
[BlackElo "1948"]
[Annotator "Nbg.1911/1-NT Nbg.3"]
[PlyCount "81"]
[EventDate "2006.01.15"]
[SourceDate "2005.10.17"]

1. d4 c5 2. d5 e5 3. e4 d6 4. Be2 Nf6 5. c3 Be7 6. Nf3 O-O 7. Qc2 h6 8. a4 Nh7
9. Na3 a6 10. Nc4 Nd7 11. Nfd2 b6 12. Bg4 Ndf6 13. Bxc8 Rxc8 14. Nf1 Nh5 15.
Ng3 Nxg3 16. hxg3 Bg5 17. Bxg5 Nxg5 18. Ne3 Re8 19. Nf5 c4 20. Qe2 g6 21. Nxh6+
Kg7 22. Ng4 b5 23. axb5 axb5 24. f3 Ra8 25. Kd2 f5 26. exf5 gxf5 27. Ne3 Qf6
28. g4 fxg4 29. Nxg4 Qf7 30. Kc2 Qf5+ 31. Kd2 Qf7 32. Qe3 Qxd5+ 33. Kc2 e4 34.
Ra7+ Rxa7 35. Qxa7+ Nf7 36. Qd4+ Qxd4 37. cxd4 exf3 38. gxf3 Re2+ 39. Kc3 Ng5
40. Rh2 Re7 41. Rg2 1/2-1/2

[Event "Mittelfrankenliga 05/06 (B1)"]
[Site "Mfr.2005/06-R4"]
[Date "2006.01.15"]
[Round "4.4"]
[White "Herbst, Thomas"]
[Black "Renner, Christian"]
[Result "1-0"]
[WhiteElo "1927"]
[BlackElo "1920"]
[Annotator "Nbg.1911/1-NT Nbg.3"]
[PlyCount "41"]
[EventDate "2006.01.15"]
[SourceDate "2005.10.17"]

1. d4 Nf6 2. Nf3 g6 3. c4 Bg7 4. Nc3 d5 5. Bf4 c6 6. e3 O-O 7. h3 Qa5 8. Qd2
Be6 9. Ng5 Bf5 10. g4 Bc8 11. Rc1 Na6 12. a3 dxc4 13. Bxc4 Nd7 14. Nce4 Qxd2+
15. Kxd2 h6 16. Nf3 b5 17. Bd3 g5 18. Bg3 Bb7 19. b4 e5 20. Nxe5 Nxe5 21. Bxe5
1-0

[Event "Mittelfrankenliga 05/06 (B1)"]
[Site "Mfr.2005/06-R4"]
[Date "2006.01.15"]
[Round "4.5"]
[White "Vogiatzis, Joannis"]
[Black "Wissmeier, Bernd"]
[Result "1-0"]
[WhiteElo "1921"]
[BlackElo "1910"]
[Annotator "Nbg.1911/1-NT Nbg.3"]
[PlyCount "81"]
[EventDate "2006.01.15"]
[SourceDate "2005.10.17"]

1. e4 c5 2. Nf3 e6 3. Bc4 d5 4. exd5 exd5 5. Bb5+ Bd7 6. Qe2+ Be7 7. O-O a6 8.
Bxd7+ Qxd7 9. d4 c4 10. b3 cxb3 11. axb3 Nc6 12. Re1 O-O-O 13. Nc3 Qc7 14. Na4
Nf6 15. c3 Bd6 16. Qd3 Rde8 17. Be3 Kb8 18. b4 Ng4 19. h3 Nxe3 20. Rxe3 Rxe3
21. Qxe3 Qe7 22. Qd2 Kc7 23. Qa2 Rd8 24. Nc5 Bxc5 25. bxc5 Kc8 26. Re1 Qd7 27.
Ne5 Nxe5 28. Rxe5 f6 29. Re3 Re8 30. Rxe8+ Qxe8 31. Qxd5 Qe1+ 32. Kh2 Qxf2 33.
Qg8+ Kc7 34. Qxg7+ Kc6 35. Qg4 f5 36. Qd1 Kc7 37. Qb1 Kc8 38. d5 f4 39. c6 b6
40. Qf5+ Kb8 41. Qf8+ 1-0

[Event "Mittelfrankenliga 05/06 (B1)"]
[Site "Mfr.2005/06-R4"]
[Date "2006.01.15"]
[Round "4.6"]
[White "Weinmann, Stefan"]
[Black "Krauss, Hermann"]
[Result "1/2-1/2"]
[WhiteElo "1991"]
[BlackElo "1999"]
[Annotator "Nbg.1911/1-NT Nbg.3"]
[PlyCount "44"]
[EventDate "2006.01.15"]
[SourceDate "2005.10.17"]

1. d4 Nf6 2. Nf3 c5 3. d5 d6 4. Nc3 a6 5. a4 e5 6. e4 Be7 7. Be2 Nbd7 8. O-O
Nf8 9. Nd2 b6 10. Nc4 Ng6 11. Re1 Rb8 12. Ne3 Nf4 13. Nf5 g6 14. Nxe7 Qxe7 15.
Bf3 g5 16. Be2 h5 17. Bf1 Ng8 18. Qd2 f6 19. Nd1 h4 20. Ne3 Nh6 21. b4 Qh7 22.
Nc4 Qc7 1/2-1/2

[Event "Mittelfrankenliga 05/06 (B1)"]
[Site "Mfr.2005/06-R4"]
[Date "2006.01.15"]
[Round "4.7"]
[White "Bayer, Marius"]
[Black "Pannek, Matthias"]
[Result "1/2-1/2"]
[WhiteElo "1879"]
[BlackElo "1953"]
[Annotator "Nbg.1911/1-NT Nbg.3"]
[PlyCount "39"]
[EventDate "2006.01.15"]
[SourceDate "2005.10.17"]

1. d4 d5 2. e4 c6 3. Nd2 dxe4 4. Nxe4 Bf5 5. Ng3 Bg6 6. h4 h6 7. h5 Bh7 8. Nf3
Nf6 9. Bd3 Bxd3 10. Qxd3 e6 11. Bd2 Nbd7 12. O-O-O Qc7 13. c3 Bd6 14. Nf1 O-O-O
15. Ne3 Kb8 16. Nc4 Bf4 17. Bxf4 Qxf4+ 18. Qd2 Qc7 19. Qe2 c5 20. Rh4 1/2-1/2

[Event "Mittelfrankenliga 05/06 (B1)"]
[Site "Mfr.2005/06-R4"]
[Date "2006.01.15"]
[Round "4.8"]
[White "Leising, Thomas"]
[Black "Puehn, Georg"]
[Result "1/2-1/2"]
[WhiteElo "1918"]
[BlackElo "1890"]
[Annotator "Nbg.1911/1-NT Nbg.3"]
[PlyCount "51"]
[EventDate "2006.01.15"]
[SourceDate "2005.10.17"]

1. e4 c6 2. Nf3 d5 3. exd5 cxd5 4. Ne5 Qc7 5. d4 Nf6 6. Bf4 Qb6 7. Nc3 a6 8.
Na4 Qa5+ 9. c3 e6 10. b4 Qd8 11. Bd3 Be7 12. O-O O-O 13. Qf3 Bd7 14. Nxd7 Nbxd7
15. Rfe1 Re8 16. Rab1 Rc8 17. Nc5 Qb6 18. Re2 Nf8 19. b5 axb5 20. Rxb5 Qc6 21.
Reb2 Bxc5 22. Rxc5 Qa4 23. Rxb7 Qxa2 24. Bb1 Qa3 25. Rxc8 Rxc8 26. Bd2 1/2-1/2

[Event "Mittelfrankenliga 05/06 (B1)"]
[Site "Mfr.2005/06-R4"]
[Date "2006.01.15"]
[Round "4.1"]
[White "Seitz, Hans"]
[Black "Erlbeck, Peter"]
[Result "0-1"]
[WhiteElo "2016"]
[BlackElo "1991"]
[Annotator "SW Nbg.2-Herzogenaurach1"]
[PlyCount "120"]
[EventDate "2006.01.15"]
[SourceDate "2005.10.17"]

1. e4 c5 2. Nf3 Nc6 3. d4 cxd4 4. Nxd4 Nf6 5. Nc3 e6 6. Ndb5 d6 7. Bf4 e5 8.
Bg5 a6 9. Na3 b5 10. Nd5 Be7 11. Bxf6 Bxf6 12. c3 O-O 13. Nc2 Bg5 14. a4 bxa4
15. Rxa4 a5 16. Bc4 Rb8 17. b3 Be6 18. O-O Qd7 19. Qe2 Bd8 20. Nce3 Kh8 21. f3
g6 22. Rfa1 f5 23. exf5 gxf5 24. b4 f4 25. Nc2 Qa7+ 26. Kh1 Qf7 27. Qd2 e4 28.
fxe4 f3 29. Bf1 Ne5 30. Nd4 Bxd5 31. exd5 fxg2+ 32. Bxg2 Qh5 33. Qe2 Ng4 34.
Bf3 Rxf3 35. Nxf3 Bb6 36. Rf1 Re8 37. Qg2 Ne3 38. Qf2 Nxf1 39. Qxf1 Rf8 40.
bxa5 Rxf3 41. Qd1 Qf7 42. Kg2 Rf2+ 43. Kg3 Rf1 44. Qxf1 Qxf1 45. axb6 Qg1+ 46.
Kh3 Qxb6 47. Rg4 Qe3+ 48. Rg3 Qe2 49. Rg4 Qf3+ 50. Rg3 Qh5+ 51. Kg2 Qxd5+ 52.
Kg1 h6 53. h3 Kh7 54. Kf2 Qd2+ 55. Kg1 h5 56. Kf1 Kh6 57. Kg1 h4 58. Rf3 Kg5
59. Kf1 d5 60. Kg1 Qe2 0-1

[Event "Mittelfrankenliga 05/06 (B1)"]
[Site "Mfr.2005/06-R4"]
[Date "2006.01.15"]
[Round "4.2"]
[White "Woerl, Richard"]
[Black "Glitz, Martin"]
[Result "1/2-1/2"]
[WhiteElo "1976"]
[BlackElo "1990"]
[Annotator "SW Nbg.2-Herzogenaurach1"]
[PlyCount "70"]
[EventDate "2006.01.15"]
[SourceDate "2005.10.17"]

1. e4 c6 2. d4 d5 3. exd5 cxd5 4. Bd3 Nc6 5. c3 Nf6 6. Ne2 Bg4 7. O-O Qd7 8.
Bf4 Bh5 9. Nd2 e6 10. f3 Bg6 11. Nb3 Bxd3 12. Qxd3 b6 13. Nd2 Be7 14. Bg3 O-O
15. f4 g6 16. Bh4 Ne8 17. Qh3 Nd6 18. Nf3 Bxh4 19. Qxh4 f6 20. Ng3 Rae8 21.
Rae1 Qg7 22. Qg4 f5 23. Qh3 Ne4 24. Nxe4 fxe4 25. Ne5 Nxe5 26. fxe5 Qe7 27. Qh6
Rf5 28. c4 Qb4 29. b3 Ref8 30. Qc1 a5 31. Kh1 Rc8 32. g4 Rff8 33. Rxf8+ Rxf8
34. cxd5 exd5 35. Rf1 Qe7 1/2-1/2

[Event "Mittelfrankenliga 05/06 (B1)"]
[Site "Mfr.2005/06-R4"]
[Date "2006.01.15"]
[Round "4.3"]
[White "Trockmann, Rafael"]
[Black "Schuster, Norbert[59]"]
[Result "0-1"]
[WhiteElo "1912"]
[BlackElo "1960"]
[Annotator "SW Nbg.2-Herzogenaurach1"]
[PlyCount "122"]
[EventDate "2006.01.15"]
[SourceDate "2005.10.17"]

1. Nf3 d5 2. c4 c6 3. e3 Nf6 4. b3 Bg4 5. Ba3 Nbd7 6. Be2 e6 7. h3 Bxa3 8. Nxa3
Bxf3 9. gxf3 Rc8 10. Nc2 Qc7 11. Nd4 e5 12. Nf5 g6 13. Nh6 Ng8 14. Nxg8 Rxg8
15. Qc2 Nf6 16. Rc1 d4 17. Qb2 c5 18. b4 b6 19. bxc5 Qxc5 20. Rb1 Ke7 21. Qb4
Rgd8 22. d3 Rd6 23. Qxc5 bxc5 24. O-O Rb6 25. Rb5 Kd6 26. a4 Rcb8 27. Rfb1 Rxb5
28. cxb5 Nd5 29. exd4 cxd4 30. Kf1 a6 31. Ke1 axb5 32. a5 b4 33. Bd1 Kc5 34.
Bb3 Nc3 35. Ra1 f6 36. Kd2 Ra8 37. h4 Ra7 38. Bc4 Nb5 39. Ra4 Na3 40. Bb3 Kb5
41. a6 Rxa6 42. Rxa6 Kxa6 43. Kc1 Kb6 44. Kb2 Nb5 45. Bg8 h6 46. Kb3 Kc5 47.
Bf7 g5 48. h5 Nd6 49. Be6 Ne8 50. Bf7 Ng7 51. Ka4 Nf5 52. Bg6 Nh4 53. Be4 Ng2
54. Kb3 Nf4 55. Bg6 Nh3 56. Kc2 Nxf2 57. Bf5 Nh1 58. Kd2 Ng3 59. Bg6 Nf1+ 60.
Kc2 Ne3+ 61. Kb2 f5 0-1

[Event "Mittelfrankenliga 05/06 (B1)"]
[Site "Mfr.2005/06-R4"]
[Date "2006.01.15"]
[Round "4.4"]
[White "Werner, Andreas[68]"]
[Black "Wellmann, Franz Georg"]
[Result "1-0"]
[WhiteElo "1938"]
[BlackElo "1863"]
[Annotator "SW Nbg.2-Herzogenaurach1"]
[PlyCount "63"]
[EventDate "2006.01.15"]
[SourceDate "2005.10.17"]

1. d4 Nf6 2. Nf3 g6 3. c3 d6 4. Bg5 Bg7 5. Nbd2 O-O 6. e3 Nfd7 7. Bc4 b6 8. O-O
c5 9. Bd5 b5 10. Bxa8 Nb6 11. Be4 f6 12. Bh4 d5 13. Bc2 Nc6 14. dxc5 Nd7 15.
Nb3 Nde5 16. Nxe5 fxe5 17. Qe2 Bd7 18. Rad1 Qc8 19. Rxd5 Be6 20. Rd2 b4 21. Be4
bxc3 22. bxc3 Bf5 23. Qc4+ Kh8 24. Rfd1 Be6 25. Bd5 Bxd5 26. Qxd5 e4 27. Nd4
Ne5 28. Ne6 Nf3+ 29. gxf3 exf3 30. Nxf8 Qg4+ 31. Bg3 Bxf8 32. Rd4 1-0

[Event "Mittelfrankenliga 05/06 (B1)"]
[Site "Mfr.2005/06-R4"]
[Date "2006.01.15"]
[Round "4.5"]
[White "Boehm, Reinhard,Dr."]
[Black "Luther, Helmut"]
[Result "0-1"]
[WhiteElo "1844"]
[BlackElo "1912"]
[Annotator "SW Nbg.2-Herzogenaurach1"]
[PlyCount "162"]
[EventDate "2006.01.15"]
[SourceDate "2005.10.17"]

1. e4 d5 2. exd5 Qxd5 3. Nc3 Qa5 4. d4 c6 5. Nf3 Nf6 6. Bd2 Bf5 7. Bc4 e6 8.
O-O Qc7 9. h3 Nbd7 10. Re1 O-O-O 11. Bb3 h6 12. Qe2 g5 13. g4 Bg6 14. Ne5 Nxe5
15. dxe5 Nd7 16. f4 h5 17. fxg5 hxg4 18. hxg4 Nxe5 19. Bf4 Qb6+ 20. Kg2 Nd7 21.
Rad1 Bg7 22. Rh1 Rxh1 23. Rxh1 Qb4 24. Be3 Bxc3 25. bxc3 Qxc3 26. Rh6 Qe5 27.
Kf1 b6 28. Bd2 Qxe2+ 29. Kxe2 Nc5 30. Be3 Nxb3 31. cxb3 Rd5 32. Rh8+ Kb7 33. b4
Rb5 34. a3 Rd5 35. Rh1 Rd3 36. Ra1 Rb3 37. Kf2 Rb2+ 38. Kf3 Rb1 39. Rxb1 Bxb1
40. Kf4 Kc7 41. Ke5 Kd7 42. Bd4 Bc2 43. Be3 Ke7 44. Bd4 Bd1 45. Kf4 Kd6 46.
Be5+ Kd5 47. Bb8 a5 48. Bc7 axb4 49. axb4 Kc4 50. Bxb6 Kxb4 51. Ke5 Bxg4 52.
Kd4 Kb5 53. Bc7 c5+ 54. Kc3 Kc6 55. Be5 Kd5 56. Bf4 Be2 57. Kd2 Ba6 58. Kc3 e5
59. Be3 c4 60. Bb6 Ke4 61. Bc7 Kf4 62. Bd6 Kxg5 63. Bxe5 f6 64. Bd4 f5 65. Kd2
Kf4 66. Bc3 Kf3 67. Be5 Bb7 68. Kc3 Bd5 69. Kd2 Be4 70. Kc3 Bd3 71. Kd2 Bb1 72.
Kc3 Ba2 73. Kd2 Bb3 74. Bd6 f4 75. Be5 Ba2 76. Bd4 Kg2 77. Ke2 f3+ 78. Ke1 Bb3
79. Be3 c3 80. Bd4 c2 81. Kd2 f2 0-1

[Event "Mittelfrankenliga 05/06 (B1)"]
[Site "Mfr.2005/06-R4"]
[Date "2006.01.15"]
[Round "4.6"]
[White "Thuerauf, Peter"]
[Black "Habermann, Manfred,Dr."]
[Result "1-0"]
[WhiteElo "1882"]
[BlackElo "1890"]
[Annotator "SW Nbg.2-Herzogenaurach1"]
[PlyCount "81"]
[EventDate "2006.01.15"]
[SourceDate "2005.10.17"]

1. d4 d5 2. Nf3 b6 3. Bf4 Nf6 4. e3 Nh5 5. Bg3 Bb7 6. c4 Nxg3 7. hxg3 e6 8. Nc3
c6 9. Rc1 Bd6 10. cxd5 exd5 11. Bd3 h6 12. Nh4 Nd7 13. Nf5 Bf8 14. e4 Nf6 15.
exd5 Nxd5 16. Qe2+ Ne7 17. d5 Kd7 18. dxc6+ Nxc6 19. O-O Qf6 20. Rfd1 Rd8 21.
Be4+ Kc8 22. Rxd8+ Kxd8 23. Qd3+ Kc8 24. Nb5 Kb8 25. Qd7 Bc5 26. Nbd6 Na5 27.
Nxb7 Bxf2+ 28. Kxf2 Qe6 29. Qxe6 fxe6 30. Nxa5 exf5 31. Nc6+ Kc7 32. Bf3 b5 33.
Nxa7+ Kb6 34. Nc8+ Ka5 35. Nd6 Rf8 36. Rc5 f4 37. Rxb5+ Ka6 38. Rb3 fxg3+ 39.
Kxg3 Rf6 40. Be2+ Ka7 41. Nc8+ 1-0